Top 10 Largest Countries - Statistics

General Stats
  • This quiz has been taken 149 times
  • The average score is 9 of 10
Answer Stats
Hint Answer Square Kilometers % Correct
1 Russia 17,098,242
100%
2 Canada 9,984,670
97%
3 United States of America 9,826,675
96%
5 Brazil 8,514,877
93%
4 China 9,596,961
93%
6 Australia 7,741,220
92%
7 India 3,287,263
88%
9 Kazakhstan 2,724,900
75%
8 Argentina 2,780,400
72%
10 Algeria 2,381,741
59%
No matching quizzes found
Score Distribution
Percent of People with Each Score
Percentile by Number Answered
Your Score History
You have not taken this quiz